000 00421nam a2200145 4500
001 131707
003 ES-MaACL
007 t|
008 070214s1930 sp r ||||1| spa d
100 1 _aLarreta, Enrique.
_970347
245 1 3 _aLa gloria de don Ramiro
_b: (una vida en tiempos de Felipe II) /
_cEnrique Larreta.
260 _aMadrid :
_bEspasa-Calpe,
_c1930.
300 _a312 p. ;
_c23 cm.
852 _aES-MaACL
_jB-5351
999 _c131707
_d131707